000 00592nam a2200253Ia 4500
003 OSt
005 20220912145820.0
006 a|||||r|||| 00| 0
007 ta
008 220909b |||||||| |||| 00| 0 eng d
024 _a80640
037 _cTextbook
040 _aCSL
_beng
_cCSL
041 _aeng
082 _aCN1, M0 TE
100 _aItzykson
245 0 _aQuantum field theory
260 _c1980
300 _ap.
_ccm.
650 _aQuantum field theory
700 _a Zuber
942 _hCN1, M0 TE
_cTB
_2CC
999 _c38879
_d38879